Centrálna zóna, Pezinok

Gespeichert in:
Bibliographische Detailangaben
1. Verfasser: Rušáková, Nina (Verfasst von)
Weitere Verfasser: Sopirová, Alžbeta (Betreuung Doktorarbeit)
Format: Manuskript Buch
Sprache:Slowakisch
Veröffentlicht: 2024
Schlagworte:
Online-Zugang:http://is.stuba.sk/zp/portal_zp.pl?podrobnosti=162066
Tags: Tag hinzufügen
Keine Tags, Fügen Sie das erste Tag hinzu!

MARC

LEADER 00000ntm a22000003a 4500
001 stuzp98354
003 SK-STU
005 20240615210923.9
007 ta
008 150427s2015----xo-----f-mn---000-0-slo-d
040 |a STU  |b slo 
041 0 |a slo 
100 1 |a Rušáková, Nina  |u 056160  |4 aut  |U FAD Fakulta architektúry a dizajnu  |T FAD Ústav urbanizmu a územného plánovania  |X 110322  |U A6160  |Y 397  |7 110322 
242 0 1 |a City Centre Public Space, Pezinok  |y eng 
245 1 0 |a Centrálna zóna, Pezinok 
260 |c 2024 
650 4 |a zeleň  |2 slo 
650 4 |a štruktúra  |2 slo 
650 4 |a Pezinok  |2 slo 
650 4 |a Radničné námestie  |2 slo 
650 4 |a Pezinok  |2 eng 
650 4 |a structure  |2 eng 
650 4 |a Radničné square  |2 eng 
650 4 |a greenery  |2 eng 
700 1 |a Sopirová, Alžbeta  |u 056160  |k Z1  |4 ths  |U FAD Fakulta architektúry a dizajnu  |T FAD Ústav urbanizmu a územného plánovania  |X 4201  |U A6160  |Y 397  |7 A000004201 
856 4 |u http://is.stuba.sk/zp/portal_zp.pl?podrobnosti=162066